Behind the veil : (Record no. 78501)
[ view plain ]
| 000 -LEADER | |
|---|---|
| fixed length control field | 00552nam a22001817a 4500 |
| 005 - DATE AND TIME OF LATEST TRANSACTION | |
| control field | 20130911142138.0 |
| 010 ## - LCCN (DPL NO) | |
| LC control number | ENG-108304 |
| 020 ## - INTERNATIONAL STANDARD BOOK NUMBER | |
| International Standard Book Number | 9789380875255 |
| Terms of availability | 175.00 |
| 035 ## - SYSTEM CONTROL NUMBER | |
| System control number | EN-91837 |
| 037 ## - SOURCE OF ACQUISITION | |
| Source of stock number/acquisition | DBAD/PUB |
| 082 ## - DEWEY DECIMAL CLASSIFICATION NUMBER | |
| Classification number | 305.48 |
| 100 ## - MAIN ENTRY--PERSONAL NAME | |
| Personal name | Ranade, Pratibha |
| 245 10 - TITLE STATEMENT | |
| Title | Behind the veil : |
| Statement of responsibility, etc | by Pratibha Ranade |
| Remainder of title | in search of truth / |
| 260 ## - PUBLICATION, DISTRIBUTION, ETC. (IMPRINT) | |
| Place of publication, distribution, etc | Pune |
| Name of publisher, distributor, etc | Param Mitra Publications |
| Date of publication, distribution, etc | 2012 |
| 270 ## - ADDRESS | |
| Address | 6, Rajdurga, B Cabin road, Naupada, Thane |
| City | Pune |
| Postal code | 400602 |
| 300 ## - PHYSICAL DESCRIPTION | |
| Extent | vi,134p. |
| Dimensions | 22cm(pbk) |
| 942 ## - ADDED ENTRY ELEMENTS (KOHA) | |
| Source of classification or shelving scheme | Dewey Decimal Classification |
| Item type | English Books |
| Call number suffix | RAN |
| Classification part | 305.48 |
| Withdrawn status | Lost status | Not for loan | Collection code | Home library | Current library | Date acquired | Source of acquisition | Cost, normal purchase price | Full call number | Barcode | Copy number | Cost, replacement price | Koha item type |
|---|---|---|---|---|---|---|---|---|---|---|---|---|---|
| Not For Loan | Non-fiction | D.B.Act.Division | D.B.Act.Division | 08/08/2013 | DBAD / PUB | 175.00 | 305.48 RAN | EN-91837 | 1 | 175.00 | English Books |
